1321 1641 1797 1536 1448 1568 1903 1774 1596 1603 1945 1756 1807 1872 1169 1004 1373 1949 1396 1852 1788 1820 1235 1386 1392 1355 1504 1067 1222 1392 1997 1882 1040 1540 1315 1281 1810 1794 1694 1877 1168 1422 1342 1985 1429 1956 1773 1797 1668 1250 1728 1086 1632 1584 1059 1410 1692 1901 1322 1599 1261 1178 1393 1847 1312 1043 1628 1578 1009 1584 1621 1297 1827 1348 1083 1902 1502 1378 1055 1956 1322 1407 1129 1208 1145 1208 1787 1080 1704 1764 1375 1131 1746 1772 1735 1168 1727 1006 1559 BCNSPRNW ULIB Ver.6.0+V

เปลี่ยนเป็นภาษาไทย

Change to English
 แสดงรายละเอียดบรรณานุกรม
  กลับหน้าหลัก

Brief Record : Get Marc (ISO 2709) : E-mail record : QR code < ปิดหน้าต่าง
LEADER : 00000nam 2200000uu 4500
001    13399128477
003     ULIB
008    230830s2019||||th 000 0 tha d
020    ^a9781108681315 (pbk.)
050  4 ^aPE1128^bIA22
245 00 ^aIELTS 14 academic with answers :^bauthentic examinationtests /^c[Cambridge University Press]
260    ^aCambridge :^bCambridge University Press,^c2019
300    ^a141 p. :^bill. ;^c25 cm.
650  0 ^aInternational English Language Testing System^vStudyguides
650  0 ^aEnglish language^vTextbooks for foreign speakers
650  0 ^aEnglish language^xStudy and teaching
650  0 ^aEnglish language^xExaminations^vStudy guides
650  0 ^aEnglish language^vProblems, exercises, etc.
653    ^aIELTS
945    ^p1099^l0^i010221
999    ^aประนอม เกษจรัล
รายการนี้ยังไม่มีแท็ก
คุณยังไม่ได้ล็อกอิน คุณสามารถมีกิจกรรมร่วมกับเว็บไซต์ได้ แต่ต้องล็อกอินก่อน ::
  ล็อกอิน

รายการสื่อสารสนเทศ

ลำดับที่ ประเภท เลขเรียก/บาร์โค้ด สถานที่ สถานะ
1. การศึกษาทั่วไป
หนังสือสำรอง
สถานะ=หนังสือสำรอง
PE1128 IA22 ฉ.1 
  Barcode: 010221
ห้องสมุดวิทยาเขตสวรรค์ประชารักษ์
►หนังสือทั่วไป
ถูกยืม กำหนดส่งวันที่ 10 พฤศจิกายน 2568
  จอง

BibComment


ยังไม่เคยถูกคอมเมนท์

คอมเมนท์ทรัพยากรรายการนี้
  คอมเมนท์: IELTS 14 academi..


 Copyright 2026. Bcnsprnw @Library